Movies Quiz

Random Movies Quiz
Score 0/26 Timer 05:00
0 Plays Today
Tagline Movie % Correct
The end of the world...is just the beginningNoah
89.1%
Don't believe the fairy taleMaleficent
88%
The end of Earth will not be the end of usInterstellar
84.9%
It's a hard knock lifeAnnie
82.3%
The average person uses 10% of their brain. Imagine what she could do with 100%Lucy
80.2%
War never ends quietlyFury
79.2%
Before he was a legend, he was a man. Hercules
78.1%
Based on the worldwide bestsellerDivergent
76%
From the director of BabelBirdman
76%
The king will riseGodzilla
75.5%
The city shines brightest at nightNightcrawler
74%
Survival. Resilience. Redemption.Unbroken
65.1%
146 passengers. 146 suspectsNon-Stop
63%
Tagline Movie % Correct
Starting from scratch never tasted so goodChef
62%
She hit the road. The road hit back.Tammy
61.5%
The battle for the street beginsNeighbors
58.9%
Yesterday Dr. Will Caster was only human...Transcendence
57.8%
No warning. No Escape.Pompeii
50.5%
Before The Conjuring, there was...Annabelle
50%
Single dad. No clue. Blended
44.8%
Keep telling yourself it's just a gameOuija
44.8%
Disney Nature presentsBears
29.2%
You see what it wants you to seeOculus
26%
Crime has a new enemyRoboCop
21.4%
Leave no loose endsSabotage
19.8%
Every woman needs an escapeAddicted
7.8%
Remove Ads.
Support Sporcle.
Get the best of Sporcle when you Go Orange. This ad-free experience offers more features, more stats, and more fun while also helping to support Sporcle. Thank you for becoming a member.

You're not logged in!

Compare scores with friends on all Sporcle quizzes.
OR
Log In

Show Comments

Extras

Created Jan 4, 2015SourceReportNominate
Tags:1-word, 2014, genre, Notable

Top Quizzes Today


Score Distribution

Your Account Isn't Verified!

In order to create a playlist on Sporcle, you need to verify the email address you used during registration. Go to your Sporcle Settings to finish the process.

Report this User

Report this user for behavior that violates our Community Guidelines.

Details: